Harry Potter - Tutti i Capitoli - Statistics

Statistiche generali
  • Questo quiz è stato fatto 476 volte
  • Il punteggio medio è 65 su 199
Statistiche sulle risposte
Titolo % Corretto
5 Diagon Alley
72%
16 La Camera dei Segreti
64%
1 Il bambino sopravvissuto
62%
3 La Tana
62%
11 Il Quidditch
57%
3 Il Nottetempo
54%
20 La Prima Prova
54%
31 La Terza Prova
54%
16 Il Calice di Fuoco
53%
7 Il Cappello Parlante
53%
4 Il custode delle chiavi
53%
9 Il Principe Mezzosangue
53%
12 Il Torneo Tremaghi
53%
15 La foresta proibita
53%
26 La Seconda Prova
53%
17 L'uomo dai due volti
53%
10 Halloween
52%
10 La Mappa del Malandrino
52%
5 L'Ordine della Fenice
52%
12 Lo specchio delle brame
52%
2 Vetri che scompaiono
51%
22 I Doni della Morte
50%
6 Il binario nove e tre quarti
50%
8 La Coppa del Mondo di Quidditch
50%
3 Lettere da nessuno
50%
6 Gilderoy Allock
49%
23 Il Ballo del Ceppo
49%
13 Nicolas Flamel
49%
12 La Pozione Polisucco
48%
6 La Passaporta
47%
5 Il Platano Picchiatore
46%
7 Il Ministero della Magia
45%
4 Il Paiolo Magico
45%
30 Il Pensatoio
45%
16 La botola
45%
26 La Gringott
44%
18 Lunastorta, Codaliscia, Felpato e Ramoso
44%
15 Aragog
43%
5 Il Dissennatore
43%
1 Il peggior compleanno
43%
33 I Mangiamorte
43%
11 La Firebolt
43%
17 L'erede di Serpeverde
43%
13 Malocchio Moody
43%
1 Casa Riddle
42%
14 Cornelius Caramel
42%
E Diciannove anni dopo
42%
23 Gli Horcrux
42%
4 Horace Lumacorno
42%
11 Il Club dei Duellanti
42%
9 Il duello di mezzanotte
42%
8 Il maestro delle Pozioni
42%
9 Il Marchio Nero
42%
8 Il matrimonio
42%
8 La festa di Complemorte
42%
14 Le Maledizioni senza perdono
42%
12 Il Patronus
41%
31 La Battaglia di Hogwarts
41%
18 L'Esercito di Silente
41%
19 L'Ungaro Spinato
41%
31 I G.U.F.O.
40%
13 Il diario segretissimo
40%
13 Grifondoro contro Corvonero
39%
21 La Stanza delle Necessità
39%
1 Posta via gufo
39%
15 La finale di Quidditch
38%
34 L'Ufficio Misteri
38%
7 Bagman e Crouch
37%
2 L'avvertimento di Dobby
37%
34 Prior Incantatio
37%
23 Villa Malfoy
37%
22 Ancora posta via gufo
36%
21 Il segreto di Hermione
36%
2 La Cicatrice
36%
9 La scritta sul muro
36%
8 L'udienza
36%
4 Ritorno alla Tana
36%
18 Un premio per Dobby
36%
35 Veritaserum
36%
25 Villa Conchiglia
36%
1 Dudley Dissennato
35%
17 Gatto, topo e cane
35%
2 Il grosso errore di zia Marge
35%
17 I Quattro Campioni
35%
30 La tomba bianca
35%
10 Luna Lovegood
35%
14 Norberto, drago Dorsorugoso di Norvegia
35%
24 Sectumsempra
35%
4 I sette Potter
34%
32 La bacchetta di Sambuco
34%
20 Xenophilius Lovegood
34%
7 Il Molliccio nell'armadio
33%
35 King's Cross
33%
37 L'inizio
33%
7 Mezzosangue e mezze voci
33%
16 Alla Testa di Porco
32%
15 Beauxbatons e Durmstrang
32%
14 Felix Felicis
32%
1 L'altro Ministro
32%
4 Alla libreria "Il Ghirigoro"
31%
32 Carne, sangue e ossa
31%
16 Godric's Hollow
31%
4 Grimmauld Place, numero dodici
31%
30 Grop
31%
20 Il Bacio dei Dissennatori
31%
19 Il Servo di Voldemort
31%
8 La fuga della Signora Grassa
31%
16 La profezia della professoressa Cooman
31%
6 Artigli e foglie di tè
30%
18 La Pesa delle Bacchette
30%
12 La professoressa Umbridge
30%
3 L'invito
30%
24 Lo Scoop di Rita Skeeter
30%
10 Il bolide fellone
29%
7 Il Lumaclub
29%
26 La caverna
29%
22 La Prova inaspettata
29%
21 La storia dei Tre Fratelli
29%
27 La torre
29%
15 L'Inquisitore Supremo di Hogwarts
29%
21 L'occhio del Serpente
29%
24 Occlumanzia
29%
19 Il Serpente e il Leone
28%
36 Le strade si dividono
28%
25 L'uovo e l'occhio
28%
35 Oltre il Velo
28%
13 Punizione con Dolores
28%
10 Caos al Ministero
27%
21 Il Fronte di Liberazione degli Elfi Domestici
27%
29 Il sogno
27%
7 Il testamento di Albus Silente
26%
5 I Tiri Vispi di Fred e George
26%
17 Decreto Didattico numero ventiquattro
25%
28 Il peggior ricordo di Piton
25%
20 Il racconto di Hagrid
25%
27 Il ritorno di Felpato
25%
28 La follia del Signor Crouch
25%
6 La nobile e antichissima Casata dei Black
25%
11 La nuova canzone del Cappello Parlante
25%
9 Le pene della Signora Weasley
25%
14 L'ira di Piton
25%
22 L'Ospedale San Mungo per malattie e ferite magiche
25%
11 Sull'Espresso di Hogwarts
25%
9 Una grama sconfitta
25%
36 La falla nel piano
24%
3 L'Avanguardia
24%
2 Spinner's End
24%
2 Un pacco di gufi
24%
1 L'ascesa del Signore Oscuro
23%
15 Il voto infrangibile
22%
18 Vita e menzogne di Albus Silente
22%
34 Ancora la foresta
21%
3 La partenza dei Dursley
21%
37 La Profezia perduta
21%
33 La storia del Principe
21%
14 Percy e Felpato
21%
24 Il fabbricante di bacchette
20%
19 La cerva d'argento
20%
22 Dopo il funerale
19%
27 Il centauro e la spia
19%
14 Il ladro
19%
17 Il segreto di Bathilda
19%
28 La fuga del Principe
19%
38 La Seconda Guerra comincia
19%
36 L'unico che abbia mai temuto
19%
23 Natale nel reparto riservato
19%
29 Il diadema perduto
18%
5 Il guerriero caduto
18%
29 Il lamento della Fenice
18%
10 Il racconto di Kreacher
18%
8 Il trionfo di Piton
18%
33 Lotta e fuga
18%
12 Argento e opali
17%
2 In Memoriam
17%
12 La magia è potere
17%
25 Lo scarabeo in trappola
17%
11 Una mano da Hermione
17%
17 Un ricordo lumacoso
17%
6 La deviazione di Draco
16%
25 La veggente spiata
16%
15 La vendetta del folletto
16%
3 Lettera e testamento
16%
5 Un eccesso di Flebo
16%
16 Un Natale molto gelato
16%
10 La casa di Gaunt
15%
29 Orientamento professionale
15%
32 Fuori dal camino
14%
27 Il nascondiglio finale
14%
11 La mazzetta
14%
20 La richiesta di Lord Voldemort
14%
9 Un nascondiglio
14%
6 Il demone in pigiama
13%
13 La Commissione per il censimento dei Nati Babbani
13%
13 Il Riddle segreto
12%
28 Lo specchio mancante
12%
19 Roba da elfi
11%
26 Visto e imprevisto
11%
30 Il congedo di Severus Piton
10%
18 Sorprese di compleanno
10%
Nessun quiz corrispondente trovato
Distribuzione punteggi
Percentuale di utenti per punteggio
Percentile per numero di risposta
I tuoi punteggi nel tempo
Non hai fatto questo quiz